00628nam a22001695i 4500001000700000003000900007005001700016008004100033040001400074100004100088245011600129260006100245300002900306500002700335600003800362852005800400164777ES-MaACL20231229063051.0940615s1860 sp |||| | spa d aCAM bspa1 aSanz del Río, Julián,d1814-186910aSistema de la filosofía b: metafísica : primera parte / canálisis expuesto por Julián Sanz del Río. aMadrid : b[s.n.], c1860 (fImprenta de Manuel Galiano) aLXXVI, 572 p. ; c19 cm. aNo se publicó más.14aKrause, Karl Christian Friedrich. aES-MaACLjR-2885 z-- Enc. piel x Olim:G-1273